[Event "Titled Tuesday intern op 01st Apr Early"]
[Site "Chess.com INT"]
[Date "2025.04.01"]
[Round "11"]
[White "Negrean, Andrei"]
[Black "Leve, Nitai D"]
[Result "1-0"]
[WhiteElo "2280"]
[BlackElo "2128"]
[PlyCount "55"]
[EventDate "2025.04.01"]
[EventType "swiss (blitz)"]
[EventRounds "11"]
[EventCountry "USA"]
[SourceTitle "CB15_2025"]
[SourceDate "2025.04.09"]
[SourceVersion "1"]
[SourceVersionDate "2025.04.09"]
[SourceQuality "1"]

1. c3 e5 2. d4 exd4 3. cxd4 Nf6 4. Nc3 d6 5. e4 g6 6. Bg5 Bg7 7. e5 dxe5 8. dxe5 Qxd1+ 9. Rxd1 Nfd7 10. f4 h6 11. Bh4 g5 12. Nd5 gxh4 13. Nxc7+ Kd8 14. Nxa8 b6 15. Rc1 Bb7 16. Nc7 a6 17. Nf3 Bf8 18. e6 Bb4+ 19. Kd1 Nf6 20. Ne5 Rf8 21. exf7 Ke7 22. Ng6+ Kxf7 23. Nxf8 Ne4 24. Nfe6 Nf2+ 25. Kc2 Nxh1 26. Nd8+ Ke7 27. Nxb7 Nf2 28. Nd5+ 1-0

[Event "Titled Tuesday intern op 18th Mar Late"]
[Site "Chess.com INT"]
[Date "2025.03.18"]
[Round "8"]
[White "Oviedo Acosta, Paula"]
[Black "Leve, Nitai D"]
[Result "1-0"]
[WhiteElo "1920"]
[BlackElo "2128"]
[PlyCount "87"]
[EventDate "2025.03.18"]
[EventType "swiss (blitz)"]
[EventRounds "11"]
[EventCountry "USA"]
[SourceTitle "CB13_2025"]
[SourceDate "2025.03.26"]
[SourceVersion "1"]
[SourceVersionDate "2025.03.26"]
[SourceQuality "1"]

1. e4 d5 2. exd5 Nf6 3. Nf3 Bg4 4. h3 Bxf3 5. Qxf3 Nxd5 6. Bc4 e6 7. 0-0 Be7 8. d4 0-0 9. Nd2 Nc6 10. c3 Rc8 11. Ne4 f5 12. Ng3 Bf6 13. Re1 Qd7 14. Nxf5 exf5 15. Bxd5+ Kh8 16. Bf4 Rce8 17. a4 g5 18. Bxc6 bxc6 19. Bh2 f4 20. Qh5 Rb8 21. b4 a5 22. bxa5 Rb2 23. Re2 Rxe2 24. Qxe2 Qd5 25. Re1 Qxa5 26. Qc4 c5 27. Re6 cxd4 28. cxd4 Rb8 29. Kh1 Qf5 30. g4 fxg3 31. Bxg3 Kg7 32. Qxc7+ Kg6 33. Rxf6+ Kxf6 34. Qxb8 Qf3+ 35. Kh2 Qd3 36. Qe5+ Kg6 37. Qe6+ Kh5 38. Qg4+ Kg6 39. Qe6+ Kh5 40. Qf7+ Kh6 41. d5 g4 42. hxg4 Kg5 43. Qf5+ Kh6 44. Qxd3 1-0

[Event "Titled Tuesday intern op 04th Feb Early"]
[Site "Chess.com INT"]
[Date "2025.02.04"]
[Round "9"]
[White "Horak, Martin"]
[Black "Leve, Nitai D"]
[Result "0-1"]
[WhiteElo "2354"]
[BlackElo "2128"]
[PlyCount "104"]
[EventDate "2025.02.04"]
[EventType "swiss (blitz)"]
[EventRounds "11"]
[EventCountry "USA"]
[SourceTitle "CB07_2025"]
[SourceDate "2025.02.12"]
[SourceVersion "1"]
[SourceVersionDate "2025.02.12"]
[SourceQuality "1"]

1. e4 e6 2. d4 d5 3. Nc3 Nf6 4. Bg5 Be7 5. exd5 Nxd5 6. Bxe7 Nxe7 7. Nf3 b6 8. Bb5+ c6 9. Bd3 Bb7 10. Qe2 Nd7 11. 0-0-0 Qc7 12. Ne5 Nxe5 13. dxe5 0-0-0 14. f4 Nd5 15. Nxd5 Rxd5 16. Be4 Rxd1+ 17. Rxd1 Rd8 18. h4 g6 19. h5 Rxd1+ 20. Qxd1 c5 21. Qf3 Bxe4 22. Qxe4 Qb7 23. Qxb7+ Kxb7 24. h6 Kc6 25. c4 Kd7 26. Kd2 Ke7 27. Ke3 f6 28. exf6+ Kxf6 29. Ke4 g5 30. fxg5+ Kxg5 31. Ke5 Kxh6 32. Kxe6 Kg5 33. a4 Kg4 34. a5 Kg3 35. a6 Kxg2 36. Kd6 h5 37. Kc7 h4 38. Kb7 h3 39. Kxa7 h2 40. Kb8 h1Q 41. a7 Qh8+ 42. Kb7 Qg7+ 43. Ka6 Qf8 44. Kb7 Qe7+ 45. Kb8 Qd8+ 46. Kb7 b5 47. cxb5 Qd7+ 48. Kb8 Qxb5+ 49. Kc7 Qa6 50. Kb8 Qb6+ 51. Ka8 Qc7 52. b3 Qc8# 0-1

[Event "Titled Tuesday intern op 04th Feb Early"]
[Site "Chess.com INT"]
[Date "2025.02.04"]
[Round "5"]
[White "Leve, Nitai D"]
[Black "Ghosh, Chanchal Kumer"]
[Result "1-0"]
[WhiteElo "2128"]
[BlackElo "2041"]
[PlyCount "99"]
[EventDate "2025.02.04"]
[EventType "swiss (blitz)"]
[EventRounds "11"]
[EventCountry "USA"]
[SourceTitle "CB07_2025"]
[SourceDate "2025.02.12"]
[SourceVersion "1"]
[SourceVersionDate "2025.02.12"]
[SourceQuality "1"]

1. c4 e5 2. Nc3 Nc6 3. g3 a6 4. Bg2 h5 5. d3 Nge7 6. f4 Ng6 7. fxe5 Ngxe5 8. Nf3 Nxf3+ 9. Bxf3 h4 10. Bf4 g5 11. Be3 hxg3 12. hxg3 Rxh1+ 13. Bxh1 Bb4 14. Qd2 f6 15. Be4 d6 16. Bg6+ Kf8 17. 0-0-0 Qe7 18. Rf1 Kg7 19. Bh5 Bd7 20. Bxg5 fxg5 21. Rf7+ Qxf7 22. Qxg5+ Kf8 23. Bxf7 Kxf7 24. Nd5 Ba5 25. Qf6+ Kg8 26. Ne7+ Nxe7 27. Qxe7 Bc6 28. Qg5+ Kf8 29. Qxa5 Re8 30. Qf5+ Ke7 31. d4 Kd8 32. d5 Bd7 33. Qf6+ Kc8 34. Kd2 b6 35. Qf4 Rg8 36. Ke3 Rg4 37. Qf8+ Kb7 38. Kf3 Rxc4 39. e4 Rc2 40. Qg7 Bc8 41. g4 Rc1 42. g5 Rf1+ 43. Kg2 Rf4 44. g6 Rxe4 45. Kf3 Re1 46. Qd4 Re8 47. g7 Kb8 48. Qf6 Bd7 49. Qf8 Kc8 50. Qxe8+ 1-0

[Event "Titled Tuesday intern op 24th Sep Early"]
[Site "Chess.com INT"]
[Date "2024.09.24"]
[Round "8"]
[White "Leve, Nitai D"]
[Black "De Pablo Pena, Miguel Angel"]
[Result "1-0"]
[WhiteElo "2128"]
[BlackElo "1746"]
[PlyCount "107"]
[EventDate "2024.09.24"]
[EventType "swiss (blitz)"]
[EventRounds "11"]
[EventCountry "USA"]
[SourceTitle "EXT 2025"]
[Source "ChessBase"]
[SourceDate "2024.10.14"]
[SourceVersion "1"]
[SourceVersionDate "2024.10.14"]
[SourceQuality "1"]

1. e4 c5 2. Nf3 d6 3. d4 cxd4 4. Qxd4 a6 5. c4 Nc6 6. Qe3 Nf6 7. h3 g6 8. Be2 Bg7 9. 0-0 0-0 10. Rd1 Bd7 11. Nc3 Rc8 12. Rb1 h6 13. b3 Be6 14. Bb2 Qa5 15. a3 Nd7 16. b4 Qc7 17. Nd5 Bxd5 18. Bxg7 Kxg7 19. exd5 Nce5 20. Rd4 Nxf3+ 21. Bxf3 Ne5 22. Be2 Rfe8 23. Rh4 g5 24. Rd4 b5 25. f4 gxf4 26. Rxf4 Ng6 27. Rxf7+ Kxf7 28. Bh5 Qd7 29. Qxh6 Rg8 30. Rf1+ Ke8 31. Qh7 Qa7+ 32. Kh1 Kd7 33. Bg4+ Kc7 34. Bxc8 Rxc8 35. Qxg6 Kb8 36. cxb5 axb5 37. Qe4 Qb6 38. Re1 Rc3 39. Qxe7 Qf2 40. Qe8+ Rc8 41. Qxb5+ Ka8 42. Qa6+ Kb8 43. Qb5+ Ka8 44. Rf1 Qg3 45. Qa5+ Kb8 46. Qb6+ Ka8 47. Qa6+ Kb8 48. Qe2 Rh8 49. Qf3 Qe5 50. b5 Qb2 51. a4 Qb4 52. Qf4 Qc5 53. Qf6 Rg8 54. Qf4 1-0

[Event "Titled Tuesday intern op 24th Sep Early"]
[Site "Chess.com INT"]
[Date "2024.09.24"]
[Round "1"]
[White "Leve, Nitai D"]
[Black "Sydykov, Bayastan"]
[Result "1-0"]
[WhiteElo "2128"]
[BlackElo "2268"]
[PlyCount "73"]
[EventDate "2024.09.24"]
[EventType "swiss (blitz)"]
[EventRounds "11"]
[EventCountry "USA"]
[SourceTitle "EXT 2025"]
[Source "ChessBase"]
[SourceDate "2024.10.14"]
[SourceVersion "1"]
[SourceVersionDate "2024.10.14"]
[SourceQuality "1"]

1. e4 e6 2. d4 d5 3. e5 c5 4. c3 Nc6 5. Nf3 Qb6 6. Bd3 cxd4 7. 0-0 dxc3 8. Nxc3 Bd7 9. Re1 a6 10. Be3 Qc7 11. Rc1 Nge7 12. Bc5 Ng6 13. Bd6 Bxd6 14. Nxd5 Qa5 15. Bxg6 Qxd5 16. Qxd5 exd5 17. exd6+ Be6 18. Rxe6+ Kd7 19. Bxf7 Rhf8 20. Ne5+ Nxe5 21. Rc7+ Kd8 22. Rxe5 Rc8 23. Rxc8+ Kxc8 24. Re8+ Rxe8 25. Bxe8 Kd8 26. Bf7 Kd7 27. Bxd5 b6 28. Kf1 Kxd6 29. Bg8 h6 30. Ke2 Ke5 31. Ke3 g5 32. g3 g4 33. Bb3 a5 34. Bd1 h5 35. f3 Kf5 36. fxg4+ hxg4 37. Kd4 1-0

[Event "Titled Tuesday intern op 24th Sep Early"]
[Site "Chess.com INT"]
[Date "2024.09.24"]
[Round "6"]
[White "Levitan, Judah Nathan"]
[Black "Leve, Nitai D"]
[Result "1-0"]
[WhiteElo "1979"]
[BlackElo "2128"]
[PlyCount "25"]
[EventDate "2024.09.24"]
[EventType "swiss (blitz)"]
[EventRounds "11"]
[EventCountry "USA"]
[SourceTitle "EXT 2025"]
[Source "ChessBase"]
[SourceDate "2024.10.14"]
[SourceVersion "1"]
[SourceVersionDate "2024.10.14"]
[SourceQuality "1"]

1. e4 e6 2. d4 d5 3. Nc3 Nf6 4. e5 Nfd7 5. f4 c5 6. Nf3 Nc6 7. Be3 Qb6 8. Qd2 cxd4 9. Nxd4 Bc5 10. Na4 Qc7 11. Nb5 Qd8 12. Nxc5 Nxc5 13. Bxc5 1-0

[Event "Titled Tuesday intern op 27th Aug Late"]
[Site "Chess.com INT"]
[Date "2024.08.27"]
[Round "3"]
[White "Coe, William R"]
[Black "Leve, Nitai D"]
[Result "0-1"]
[WhiteElo "2078"]
[BlackElo "2128"]
[PlyCount "84"]
[EventDate "2024.08.27"]
[EventType "swiss (blitz)"]
[EventRounds "11"]
[EventCountry "USA"]
[SourceTitle "EXT 2025"]
[Source "ChessBase"]
[SourceDate "2024.10.14"]
[SourceVersion "1"]
[SourceVersionDate "2024.10.14"]
[SourceQuality "1"]

1. e4 e6 2. d4 d5 3. Nd2 Nf6 4. e5 Nfd7 5. Bd3 c5 6. c3 Nc6 7. Ne2 cxd4 8. cxd4 f6 9. exf6 Nxf6 10. 0-0 Qc7 11. Nf3 Bd6 12. Bg5 0-0 13. Bh4 Nh5 14. Bg3 Nxg3 15. hxg3 g6 16. Rc1 Qg7 17. Bb1 Bd7 18. a3 h6 19. Qd3 g5 20. b4 a6 21. Qg6 Rf6 22. Qxg7+ Kxg7 23. Rcd1 Ne7 24. Nc3 a5 25. Ne5 Be8 26. Ng4 Rf8 27. bxa5 Bxa3 28. Bd3 Rxa5 29. Rb1 Bc6 30. Nb5 Nf5 31. Nxa3 Rxa3 32. Bxf5 exf5 33. Ne5 Rc8 34. Nxc6 bxc6 35. Rfe1 Kf6 36. Rb7 g4 37. Ree7 c5 38. Rf7+ Kg6 39. Rg7+ Kf6 40. Rh7 cxd4 41. Rxh6+ Kg5 42. Rhh7 Ra6 0-1

[Event "Titled Tuesday intern op 27th Aug Late"]
[Site "Chess.com INT"]
[Date "2024.08.27"]
[Round "1"]
[White "Leve, Nitai D"]
[Black "Volkov, Maksim"]
[Result "0-1"]
[WhiteElo "2128"]
[BlackElo "2306"]
[PlyCount "68"]
[EventDate "2024.08.27"]
[EventType "swiss (blitz)"]
[EventRounds "11"]
[EventCountry "USA"]
[SourceTitle "EXT 2025"]
[Source "ChessBase"]
[SourceDate "2024.10.14"]
[SourceVersion "1"]
[SourceVersionDate "2024.10.14"]
[SourceQuality "1"]

1. c4 e6 2. Nc3 d5 3. cxd5 exd5 4. g3 Nf6 5. Bg2 c6 6. b3 Bf5 7. Bb2 Bd6 8. Nf3 0-0 9. Nh4 Be6 10. 0-0 Nbd7 11. Rc1 Re8 12. d3 Bc5 13. e4 Bg4 14. Qc2 dxe4 15. Nxe4 Be7 16. Nf3 Nd5 17. a3 a5 18. Rfe1 N7f6 19. Ne5 Bh5 20. Ng5 Nd7 21. Ngf3 Nxe5 22. Nxe5 f6 23. Nxc6 bxc6 24. Qxc6 Bf7 25. Rc2 Qd6 26. Qb7 Reb8 27. Bxd5 Rxb7 28. Bxb7 Rb8 29. Be4 Bxb3 30. Rc6 Qd7 31. d4 Bd5 32. Bxd5+ Qxd5 33. Rc7 Bf8 34. Bc3 Rb3 0-1

[Event "Titled Tuesday intern op 09th Jul Early"]
[Site "Chess.com INT"]
[Date "2024.07.09"]
[Round "5"]
[White "Barria Zuniga, Daniel"]
[Black "Leve, Nitai D"]
[Result "0-1"]
[WhiteElo "2341"]
[BlackElo "2128"]
[PlyCount "50"]
[EventDate "2024.07.09"]
[EventType "swiss (blitz)"]
[EventRounds "11"]
[EventCountry "USA"]
[SourceTitle "EXT 2025"]
[Source "ChessBase"]
[SourceDate "2024.10.14"]
[SourceVersion "1"]
[SourceVersionDate "2024.10.14"]
[SourceQuality "1"]

1. e4 d5 2. exd5 Nf6 3. d4 Bg4 4. f3 Bf5 5. Bb5+ Nbd7 6. c4 a6 7. Bxd7+ Qxd7 8. Ne2 e6 9. dxe6 fxe6 10. Nbc3 c5 11. Be3 Qc7 12. Qa4+ Kf7 13. 0-0-0 Be7 14. g4 Bg6 15. h4 h5 16. g5 b5 17. cxb5 axb5 18. Qxb5 Rhb8 19. gxf6 Rxb5 20. Nxb5 Qa5 21. Nec3 cxd4 22. Bxd4 gxf6 23. Rhe1 Rc8 24. Kd2 e5 25. Be3 Qxb5 0-1

[Event "Titled Tuesday intern op 09th Jul Late"]
[Site "Chess.com INT"]
[Date "2024.07.09"]
[Round "8"]
[White "Guevara Sanchez, Erick Marvin"]
[Black "Leve, Nitai D"]
[Result "0-1"]
[WhiteElo "2040"]
[BlackElo "2128"]
[PlyCount "66"]
[EventDate "2024.07.09"]
[EventType "swiss (blitz)"]
[EventRounds "11"]
[EventCountry "USA"]
[SourceTitle "EXT 2025"]
[Source "ChessBase"]
[SourceDate "2024.10.14"]
[SourceVersion "1"]
[SourceVersionDate "2024.10.14"]
[SourceQuality "1"]

1. e4 e6 2. d4 d5 3. Nc3 Nf6 4. Bg5 dxe4 5. Nxe4 Be7 6. Bxf6 gxf6 7. Nf3 f5 8. Ned2 c5 9. c3 Nc6 10. Bb5 Bd7 11. 0-0 cxd4 12. cxd4 Bf6 13. Nc4 0-0 14. Nce5 Nxe5 15. dxe5 Bxb5 16. exf6 Bxf1 17. Qd4 Qxd4 18. Nxd4 Ba6 19. Re1 Rfd8 20. Nf3 Rac8 21. Ne5 Be2 22. h3 Rd1 23. Nf3 Bxf3 24. Rxd1 Bxd1 25. Kh2 Rc2 26. Kg3 Rxb2 27. Kf4 Rxf2+ 28. Kg5 Rxg2+ 29. Kh4 f4 30. a4 f3 31. a5 f2 32. a6 f1Q 33. axb7 Qxf6# 0-1

[Event "Titled Tuesday intern op 02nd Jul Early"]
[Site "Chess.com INT"]
[Date "2024.07.02"]
[Round "6"]
[White "Guevara Ruiz, Santiago Jose"]
[Black "Leve, Nitai D"]
[Result "0-1"]
[WhiteElo "2109"]
[BlackElo "2128"]
[PlyCount "68"]
[EventDate "2024.07.02"]
[EventType "swiss (blitz)"]
[EventRounds "11"]
[EventCountry "USA"]
[SourceTitle "EXT 2025"]
[Source "ChessBase"]
[SourceDate "2024.10.14"]
[SourceVersion "1"]
[SourceVersionDate "2024.10.14"]
[SourceQuality "1"]

1. d4 Nf6 2. e3 g6 3. Nc3 Bg7 4. e4 d5 5. e5 Ne4 6. Nxe4 dxe4 7. Bc4 0-0 8. Ne2 c5 9. c3 cxd4 10. cxd4 Nc6 11. Be3 Bg4 12. h3 Bxe2 13. Bxe2 Qa5+ 14. Qd2 Qxd2+ 15. Kxd2 Rfd8 16. Kc3 Rac8 17. Bc4 b5 18. Bb3 Nxd4+ 19. Kb4 Bxe5 20. Rhd1 a6 21. a4 Bd6+ 22. Ka5 Nxb3+ 23. Kxa6 Nxa1 24. Rxa1 bxa4 25. Kb5 Rb8+ 26. Kc4 Rxb2 27. Rxa4 Rc8+ 28. Kd5 Rb5+ 29. Kxe4 Rb4+ 30. Rxb4 Bxb4 31. g4 Bd6 32. f4 Rc4+ 33. Kf3 e5 34. fxe5 Bxe5 0-1

[Event "Titled Tuesday intern op 02nd Jul Early"]
[Site "Chess.com INT"]
[Date "2024.07.02"]
[Round "4"]
[White "Manvelyan, Mikayel"]
[Black "Leve, Nitai D"]
[Result "1-0"]
[WhiteElo "2289"]
[BlackElo "2128"]
[PlyCount "75"]
[EventDate "2024.07.02"]
[EventType "swiss (blitz)"]
[EventRounds "11"]
[EventCountry "USA"]
[SourceTitle "EXT 2025"]
[Source "ChessBase"]
[SourceDate "2024.10.14"]
[SourceVersion "1"]
[SourceVersionDate "2024.10.14"]
[SourceQuality "1"]

1. e4 d5 2. exd5 Nf6 3. d4 Bg4 4. f3 Bf5 5. c4 e6 6. g4 Bg6 7. dxe6 Bb4+ 8. Bd2 a5 9. a3 Bd6 10. Qa4+ c6 11. Nc3 fxe6 12. Nh3 0-0 13. 0-0-0 Nbd7 14. c5 Bxc5 15. dxc5 Nxc5 16. Qc4 Nfd7 17. Be3 b5 18. Qa2 Qe7 19. Nf4 b4 20. Nxg6 hxg6 21. Ne4 Rxf3 22. Bxc5 Nxc5 23. Bg2 b3 24. Qb1 Rf2 25. Rd2 Rxd2 26. Kxd2 Rd8+ 27. Ke2 Qh4 28. Rf1 Qxg4+ 29. Bf3 Qf4 30. Qc1 Nxe4 31. Qxf4 Rd2+ 32. Qxd2 Nxd2 33. Kxd2 Kh7 34. Bxc6 g5 35. Be4+ Kh6 36. Rg1 g6 37. Bf3 Kg7 38. Bg4 1-0

[Event "Titled Tuesday intern op 25th Jun Early"]
[Site "Chess.com INT"]
[Date "2024.06.25"]
[Round "4"]
[White "Kharmunova, Nadezhda"]
[Black "Leve, Nitai D"]
[Result "0-1"]
[WhiteElo "2022"]
[BlackElo "2128"]
[PlyCount "42"]
[EventDate "2024.06.25"]
[EventType "swiss (blitz)"]
[EventRounds "11"]
[EventCountry "USA"]
[SourceTitle "EXT 2025"]
[Source "ChessBase"]
[SourceDate "2024.10.14"]
[SourceVersion "1"]
[SourceVersionDate "2024.10.14"]
[SourceQuality "1"]

1. e4 d5 2. exd5 Nf6 3. Nc3 Nxd5 4. Nf3 Bg4 5. Be2 Nc6 6. 0-0 e6 7. h3 Bh5 8. Nxd5 Qxd5 9. c3 0-0-0 10. b4 Bd6 11. a4 g5 12. a5 Ne5 13. Nd4 Bxe2 14. Qxe2 g4 15. h4 g3 16. f3 Bxb4 17. Nb5 Nd3 18. Nxa7+ Kb8 19. cxb4 Kxa7 20. a6 Qd4+ 21. Kh1 Qxh4+ 0-1

[Event "Titled Tuesday intern op 25th Jun Early"]
[Site "Chess.com INT"]
[Date "2024.06.25"]
[Round "5"]
[White "Leve, Nitai D"]
[Black "Feliz Dotel, Dewar Bienvenido"]
[Result "1-0"]
[WhiteElo "2128"]
[BlackElo "2027"]
[PlyCount "57"]
[EventDate "2024.06.25"]
[EventType "swiss (blitz)"]
[EventRounds "11"]
[EventCountry "USA"]
[SourceTitle "EXT 2025"]
[Source "ChessBase"]
[SourceDate "2024.10.14"]
[SourceVersion "1"]
[SourceVersionDate "2024.10.14"]
[SourceQuality "1"]

1. e4 c5 2. Nf3 g6 3. d4 cxd4 4. Nxd4 Nc6 5. Nc3 Bg7 6. Be3 Nf6 7. Be2 0-0 8. f4 d5 9. e5 Ne4 10. Nxe4 dxe4 11. Nxc6 bxc6 12. Bc5 Qa5+ 13. b4 Qc7 14. Qd4 Bf5 15. 0-0 Rfd8 16. Qe3 f6 17. g4 Be6 18. f5 gxf5 19. gxf5 Bc8 20. e6 a5 21. Bb6 Bh6 22. Qf2 Qe5 23. Bxd8 Bb7 24. Bb6 e3 25. Qg3+ Kh8 26. Qxe5 fxe5 27. Bc5 Rg8+ 28. Kh1 Bf4 29. Rg1 1-0

[Event "Titled Tuesday intern op 25th Jun Early"]
[Site "Chess.com INT"]
[Date "2024.06.25"]
[Round "8"]
[White "Leve, Nitai D"]
[Black "Heinechen, John"]
[Result "1-0"]
[WhiteElo "2128"]
[BlackElo "1955"]
[PlyCount "97"]
[EventDate "2024.06.25"]
[EventType "swiss (blitz)"]
[EventRounds "11"]
[EventCountry "USA"]
[SourceTitle "EXT 2025"]
[Source "ChessBase"]
[SourceDate "2024.10.14"]
[SourceVersion "1"]
[SourceVersionDate "2024.10.14"]
[SourceQuality "1"]

1. e4 e6 2. d4 d5 3. e5 c5 4. c3 Bd7 5. Nf3 Qb6 6. Bd3 Bb5 7. 0-0 Bxd3 8. Qxd3 Nc6 9. a3 Nge7 10. b4 cxd4 11. cxd4 Nf5 12. Bb2 h5 13. Nbd2 Be7 14. Rac1 0-0 15. Nb3 a5 16. b5 Na7 17. a4 Rac8 18. Nc5 f6 19. Nd7 Qd8 20. Nxf8 Qxf8 21. Rxc8 Nxc8 22. exf6 Bxf6 23. Ne5 Ncd6 24. Rc1 Bxe5 25. dxe5 Nc4 26. Rxc4 dxc4 27. Qxc4 Kf7 28. h3 h4 29. b6 Qb4 30. Qc7+ Kg6 31. Qxb7 Qe1+ 32. Kh2 Qxf2 33. Qf3 Qxb6 34. Bc3 Qb1 35. Bd2 Qa2 36. Qg4+ Kf7 37. Qh5+ Kg8 38. Bg5 Qxa4 39. Qg6 Qd7 40. Bf4 Qf7 41. Qg4 g6 42. Bg5 Qd7 43. Bf6 Kf7 44. Qg5 Qe8 45. Qc1 Qd7 46. Qc5 a4 47. Qa5 Nd4 48. Qa8 Qe8 49. Qb7+ 1-0

[Event "Titled Tuesday intern op 04th Jun Early"]
[Site "Chess.com INT"]
[Date "2024.06.04"]
[Round "11"]
[White "Bettalli, Francesco"]
[Black "Leve, Nitai D"]
[Result "1-0"]
[WhiteElo "2354"]
[BlackElo "2128"]
[PlyCount "55"]
[EventDate "2024.06.04"]
[EventType "swiss (blitz)"]
[EventRounds "11"]
[EventCountry "USA"]
[SourceTitle "EXT 2025"]
[Source "ChessBase"]
[SourceDate "2024.10.14"]
[SourceVersion "1"]
[SourceVersionDate "2024.10.14"]
[SourceQuality "1"]

1. e4 e6 2. b3 c5 3. Bb2 d5 4. exd5 exd5 5. Bb5+ Bd7 6. Qe2+ Qe7 7. Nc3 Nf6 8. 0-0-0 Qxe2 9. Ngxe2 a6 10. Bxd7+ Nbxd7 11. d4 0-0-0 12. f3 c4 13. Kb1 Bb4 14. Nf4 Bxc3 15. Bxc3 g5 16. Ne2 Rhe8 17. Ng3 Nf8 18. Nf5 Ne6 19. g3 h5 20. Rhe1 Kc7 21. Re2 b6 22. Rde1 Kc6 23. a4 Nc7 24. Re7 Rxe7 25. Rxe7 Rd7 26. Bd2 Rxe7 27. Nxe7+ Kd7 28. Nf5 1-0

[Event "Titled Tuesday intern op 04th Jun Early"]
[Site "Chess.com INT"]
[Date "2024.06.04"]
[Round "8"]
[White "Leve, Nitai D"]
[Black "Mohamed, Anees M"]
[Result "0-1"]
[WhiteElo "2128"]
[BlackElo "2306"]
[PlyCount "66"]
[EventDate "2024.06.04"]
[EventType "swiss (blitz)"]
[EventRounds "11"]
[EventCountry "USA"]
[SourceTitle "EXT 2025"]
[Source "ChessBase"]
[SourceDate "2024.10.14"]
[SourceVersion "1"]
[SourceVersionDate "2024.10.14"]
[SourceQuality "1"]

1. e4 d5 2. exd5 Nf6 3. Bb5+ Bd7 4. Bc4 Bg4 5. f3 Bf5 6. Nc3 Nbd7 7. a4 g6 8. a5 Bg7 9. Nge2 0-0 10. g4 Ne5 11. gxf5 Nxc4 12. fxg6 fxg6 13. d4 Nxd5 14. Qd3 Nxc3 15. Qxc4+ Nd5 16. a6 b6 17. Bg5 Kh8 18. 0-0-0 Qd7 19. Rhe1 e6 20. Nc3 Rxf3 21. Nxd5 exd5 22. Qe2 Rf5 23. h4 Raf8 24. Kb1 Qa4 25. Qe7 R5f7 26. Qe6 Qb5 27. h5 gxh5 28. Rh1 Qxa6 29. Rxh5 Rf1 30. Rxf1 Qxf1+ 31. Ka2 Qc4+ 32. Kb1 Qxd4 33. Bc1 Qd1 0-1

[Event "Titled Tuesday intern op 04th Jun Early"]
[Site "Chess.com INT"]
[Date "2024.06.04"]
[Round "4"]
[White "Leve, Nitai D"]
[Black "Osmak, Iulija"]
[Result "1-0"]
[WhiteElo "2128"]
[BlackElo "2463"]
[PlyCount "63"]
[EventDate "2024.06.04"]
[EventType "swiss (blitz)"]
[EventRounds "11"]
[EventCountry "USA"]
[SourceTitle "EXT 2025"]
[Source "ChessBase"]
[SourceDate "2024.10.14"]
[SourceVersion "1"]
[SourceVersionDate "2024.10.14"]
[SourceQuality "1"]

1. e4 c5 2. Nf3 Nc6 3. d4 cxd4 4. Nxd4 Nf6 5. Nc3 e5 6. Nb3 Bb4 7. Bc4 0-0 8. 0-0 Bxc3 9. bxc3 Nxe4 10. Ba3 d6 11. Qd3 Nc5 12. Nxc5 dxc5 13. Bxc5 Re8 14. Qf3 Be6 15. Rad1 Qa5 16. Bxe6 Rxe6 17. Rd5 e4 18. Qg3 Qxa2 19. Rfd1 Rae8 20. h4 Qxc2 21. R1d2 Qc1+ 22. Kh2 Rg6 23. Qc7 Qf1 24. g3 h6 25. Rf5 Qc4 26. Rdd5 Ne7 27. Rd8 Nxf5 28. Rxe8+ Kh7 29. Qc8 Rxg3 30. Qxf5+ Rg6 31. h5 Qb5 32. hxg6+ 1-0

[Event "Titled Tuesday intern op 04th Jun Early"]
[Site "Chess.com INT"]
[Date "2024.06.04"]
[Round "1"]
[White "Leve, Nitai D"]
[Black "Zhu, Jiner"]
[Result "0-1"]
[WhiteElo "2128"]
[BlackElo "2476"]
[PlyCount "106"]
[EventDate "2024.06.04"]
[EventType "swiss (blitz)"]
[EventRounds "11"]
[EventCountry "USA"]
[SourceTitle "EXT 2025"]
[Source "ChessBase"]
[SourceDate "2024.10.14"]
[SourceVersion "1"]
[SourceVersionDate "2024.10.14"]
[SourceQuality "1"]

1. e4 e5 2. Nf3 Nc6 3. Bb5 a6 4. Ba4 d6 5. d4 exd4 6. c3 dxc3 7. Nxc3 Nf6 8. e5 dxe5 9. Bxc6+ bxc6 10. Qxd8+ Kxd8 11. Nxe5 Be6 12. Nxc6+ Kd7 13. Ne5+ Kc8 14. 0-0 Bd6 15. Re1 Re8 16. Nf3 Kb7 17. Bg5 Nd7 18. Nd4 Bc4 19. Rac1 f6 20. Be3 g6 21. Ne4 Rxe4 22. Rxc4 Rae8 23. Rec1 Nb6 24. R4c2 Nd5 25. Nb3 Nxe3 26. fxe3 Rxe3 27. Na5+ Ka7 28. Nc4 Re1+ 29. Rxe1 Rxe1+ 30. Kf2 Re7 31. Nxd6 cxd6 32. Kf3 Kb7 33. b4 Rc7 34. Rd2 Rc3+ 35. Ke4 Kc6 36. Kd4 Rc1 37. a4 Ra1 38. b5+ axb5 39. axb5+ Kxb5 40. Kd5 Re1 41. Kxd6 Kc4 42. Ra2 Kd4 43. Ra7 h5 44. Rf7 Re2 45. Rxf6 Rxg2 46. Ke6 Ke4 47. Kf7 h4 48. Rxg6 Rxg6 49. Kxg6 Kf3 50. Kf5 Kg2 51. Kg4 h3 52. Kf4 Kxh2 53. Kf3 Kg1 0-1

[Event "Titled Tuesday intern op 04th Jun Early"]
[Site "Chess.com INT"]
[Date "2024.06.04"]
[Round "9"]
[White "Samarth, J Rao"]
[Black "Leve, Nitai D"]
[Result "1-0"]
[WhiteElo "1770"]
[BlackElo "2128"]
[PlyCount "99"]
[EventDate "2024.06.04"]
[EventType "swiss (blitz)"]
[EventRounds "11"]
[EventCountry "USA"]
[SourceTitle "EXT 2025"]
[Source "ChessBase"]
[SourceDate "2024.10.14"]
[SourceVersion "1"]
[SourceVersionDate "2024.10.14"]
[SourceQuality "1"]

1. c4 c6 2. Nf3 Nf6 3. e3 d5 4. b3 Bg4 5. Bb2 Nbd7 6. Be2 e6 7. Ne5 Bxe2 8. Qxe2 Nxe5 9. Bxe5 Bd6 10. Bb2 e5 11. 0-0 0-0 12. Nc3 Rc8 13. Rac1 Bb8 14. d3 Re8 15. e4 d4 16. Nd1 g6 17. Qf3 Nh5 18. g3 Rf8 19. Qg2 Ng7 20. f3 f5 21. Nf2 Bd6 22. Rcd1 Be7 23. Bc1 Qa5 24. Nh3 b5 25. Qd2 Qa6 26. Qc2 bxc4 27. Qxc4+ Qxc4 28. dxc4 Rb8 29. Bg5 Bb4 30. Bd2 Bxd2 31. Rxd2 fxe4 32. fxe4 Rxf1+ 33. Kxf1 Ne6 34. Nf2 Nc5 35. Ng4 Nxe4 36. Re2 Nc3 37. Rxe5 Nxa2 38. Ra5 Nc1 39. Rxa7 Rf8+ 40. Ke1 Nxb3 41. Nh6+ Kh8 42. Nf7+ Kg7 43. Ng5+ Kh6 44. h4 Kh5 45. Nxh7 Re8+ 46. Kd1 Re6 47. Ng5 Rd6 48. Ne4 Rd8 49. Nf6+ Kh6 50. Rh7# 1-0